| 000 -LEADER |
| fixed length control field |
00756nam a2200241Ia 4500 |
| 001 - CONTROL NUMBER |
| control field |
8606 |
| 003 - CONTROL NUMBER IDENTIFIER |
| control field |
GE_BSU |
| 008 - FIXED-LENGTH DATA ELEMENTS--GENERAL INFORMATION |
| fixed length control field |
181216s||||||||xx |||||||||||||| ||und|| |
| 040 ## - CATALOGING SOURCE |
| Transcribing agency |
GE_BSU |
| 080 ## - UNIVERSAL DECIMAL CLASSIFICATION NUMBER |
| Universal Decimal Classification number |
821.353.1-1 |
| 100 ## - MAIN ENTRY--PERSONAL NAME |
| Personal name |
თედორაძე, დავით |
| 245 ## - TITLE STATEMENT |
| Title |
ორღანი უკრავს |
| 245 ## - TITLE STATEMENT |
| Remainder of title |
ლექსები |
| 245 ## - TITLE STATEMENT |
| Statement of responsibility, etc. |
რედ.: ზ. ფირცხალაიშვილი; მხატვ.: ზ. ხაბაძე |
| 260 ## - PUBLICATION, DISTRIBUTION, ETC. |
| Place of publication, distribution, etc. |
ბათუმი |
| 260 ## - PUBLICATION, DISTRIBUTION, ETC. |
| Name of publisher, distributor, etc. |
საბჭ. აჭარა |
| 260 ## - PUBLICATION, DISTRIBUTION, ETC. |
| Date of publication, distribution, etc. |
1980 |
| 300 ## - PHYSICAL DESCRIPTION |
| Extent |
106 გვ; 16 სმ. |
| 300 ## - PHYSICAL DESCRIPTION |
| Other physical details |
1 ფ. პორტრ. |
| 653 ## - INDEX TERM--UNCONTROLLED |
| Uncontrolled term |
ლექსები |
| 653 ## - INDEX TERM--UNCONTROLLED |
| Uncontrolled term |
ორღანი უკრავს |
| 942 ## - ADDED ENTRY ELEMENTS (KOHA) |
| Koha item type |
წიგნი |